Theories of Surplus-Value (Record no. 241)

MARC details
005 - DATE AND TIME OF LATEST TRANSACTION
control field 20250623071808.0
082 ## - DEWEY DECIMAL CLASSIFICATION NUMBER
Classification number LM 335.412 MAR
100 ## - MAIN ENTRY--PERSONAL NAME
Author name MARX, K.
245 ## - TITLE STATEMENT
Title Theories of Surplus-Value
260 ## - PUBLICATION, DISTRIBUTION, ETC.
Place of publication, distribution, etc. Moscow,
Name of publisher, distributor, etc. Progress Publishers,
Date of publication, distribution, etc. 1971.
300 ## - PHYSICAL DESCRIPTION
Extent 637p.:
Dimensions 22cm.
942 ## - ADDED ENTRY ELEMENTS (KOHA)
Source of classification or shelving scheme Dewey Decimal Classification
Koha item type Books
Holdings
Date last seen Total checkouts Full call number Barcode Cost, replacement price Price effective from Koha item type Lost status Source of classification or shelving scheme Damaged status Not for loan Withdrawn status Home library Current library Shelving location Date acquired Cost, normal purchase price
03/10/2025   LM 335.412 MAR 000000816 60000.00 03/10/2025 Books   Dewey Decimal Classification       College of Business Education Main Library College of Business Education Main Library General Collection 03/10/2025 20000.00
03/10/2025   LM 335.412 MAR 000000817 60000.00 03/10/2025 Books   Dewey Decimal Classification       College of Business Education Main Library College of Business Education Main Library General Collection 03/10/2025 20000.00
03/10/2025   LM 335.412 MAR 000000818 60000.00 03/10/2025 Books   Dewey Decimal Classification       College of Business Education Main Library College of Business Education Main Library General Collection 03/10/2025 20000.00
03/10/2025   LM 335.412 MAR 000000819 60000.00 03/10/2025 Books   Dewey Decimal Classification       College of Business Education Main Library College of Business Education Main Library General Collection 03/10/2025 20000.00